Planned maitenance and the use of computers. (Record no. 92848)

MARC details
000 -LEADER
fixed length control field 00761cam a2200265 4500
008 - FIXED-LENGTH DATA ELEMENTS--GENERAL INFORMATION
fixed length control field 090401t1991 xxu||||| |||| 00| 0 eng d
020 ## - INTERNATIONAL STANDARD BOOK NUMBER
International Standard Book Number 086022127X
035 ## - SYSTEM CONTROL NUMBER
System control number (Sirsi) u51255
041 ## - LANGUAGE CODE
Language code of text/sound track or separate title eng
050 ## - LIBRARY OF CONGRESS CALL NUMBER
Classification number 658.202
100 ## - MAIN ENTRY--PERSONAL NAME
Personal name Armstrong, J.
245 ## - TITLE STATEMENT
Title Planned maitenance and the use of computers.
250 ## - EDITION STATEMENT
Edition statement 2nd ed.
260 ## - PUBLICATION, DISTRIBUTION, ETC.
Place of publication, distribution, etc. Bracknell, Berks.
Name of publisher, distributor, etc. BSRIA
Date of publication, distribution, etc. 1991
300 ## - PHYSICAL DESCRIPTION
Extent 23p. ; 30cm.
350 ## - PRICE (NR) (BK AM CF MU VM SE) [OBSOLETE]
Price 30
490 ## - SERIES STATEMENT
Series statement Technical Note
Volume/sequential designation TN 1/85.1
520 ## - SUMMARY, ETC.
Summary, etc. Includes list of suppliers of software.
650 ## - SUBJECT ADDED ENTRY--TOPICAL TERM
Topical term or geographic name entry element PLANNED MAINTENANCE
650 ## - SUBJECT ADDED ENTRY--TOPICAL TERM
Topical term or geographic name entry element SOFTWARE
690 ## - LOCAL SUBJECT ADDED ENTRY--TOPICAL TERM (OCLC, RLIN)
Topical term or geographic name as entry element BUILDING AND CONSTRUCTION-REPAIRS AND MAINTENANCE
710 ## - ADDED ENTRY--CORPORATE NAME
Corporate name or jurisdiction name as entry element Building Services Research and Information Association
942 ## - ADDED ENTRY ELEMENTS (KOHA)
Suppress in OPAC 0
948 ## - LOCAL PROCESSING INFORMATION (OCLC); SERIES PART DESIGNATOR (RLIN)
c (OCLC) 04/03/1997
Holdings
Withdrawn status Lost status Source of classification or shelving scheme Damaged status Not for loan Home library Current library Shelving location Date acquired Cost, normal purchase price Total Checkouts Full call number Barcode Date last seen Date last checked out Copy number Cost, replacement price Price effective from Koha item type
    Dewey Decimal Classification     London London Basement 09/11/1994 30.00 4 BASEMENT 30042958 06/08/2019 28/01/2003 1 30.00 06/08/2019 Book